000 00590nam a2200229 a 4500
001 nice12345678
003 IN_TiNIC
005 20260116013527.0
008 050524s1988 dela grp 000 0 eng
020 _a
_c250
082 0 0 _a181.4
_bCOO2
100 _aCoomaraswamy, Ananda K
245 _aSelected Letters of Ananda Coomaraswamy
260 _aDelhi
_bOxford University Press
_c1988
300 _a479p
500 _aincludes index and biblioraphy
505 2 _aBibliography, General Index
650 _aPhilosophy-India
902 _bSRS
942 _cBK
999 _c11330
_d11330